LEADER 01131nam a2200265 i 4500 001 000000052599 003 CaOOAMICUS 005 20220530115519.0 008 080407n xx u000 u mul u 013 $a23771 040 $aSeMil$bita 100 1 $aShakespeare, William,$d<1564-1616>.$0(OLS)http://semarc/name/1186 240 14$aThe tragedy of Macbeth.$0(OLS)http://semarc/title/80756 245 10$aMacbeth /$cW. Shakespeare ; Tradotto e Illustrato col Testo a fronte da Cino Chiarini Nuova tiratura. 264 1$aFirenze :$bSansoni,$c[1924] 300 $aLXX, 182 p. :$bill. ;$c16 cm. 490 1 $aBiblioteca sansoniana straniera 650 4$aShakespeare, William <1564-1616> - Opere.$0(OLS)http://semarc/subject/3624 700 1 $aChiarini, Cino.$0(OLS)http://semarc/name/8663 830 0$aBiblioteca sansoniana straniera.$0(OLS)http://semarc/title/19727 850 $aSeMil 852 $aSeMil$W1$xVenegono$y1$m1W I 12$j18753$B18753$CSeMilBibl$Z2$F18755 $81 996 $6245$aMacbeth$9(OLS)http://semarc/title/80757 996 $6264$aFirenze :$bSansoni$9(OLS)http://semarc/publisher/29843 LEADER 01578nam a2200301 i 4500 001 000000090804 003 CaOOAMICUS 005 20230421115336.0 008 151124s1722 it u000 u ita u 026 $aden- r.n- a-on mama (3) 1722 (R) 040 $aSeMil$bita 100 1 $aBernini, Domenico,$d<1657-1723>.$0(OLS)http://semarc/name/4049 245 10$aVita del ven. cardinale d. Gius. Maria Tomasi de' chierici regolari descritta da Domenico Bernino .. 260 $aIn Roma :$bNella Stamperia di Rocco Bernabò,$c1722. 300 $a[16], 432 p., [1] carta di tav. :$britr. ;$c4º. 500 $aSegn.: a-b4 A-3H4 500 $aFregio xilogr. sul front. 500 $aIniz., fregi e fin. xilogr. 500 $aLa carta di tav. è il ritr. calcogr. del Tomasi, disegnata da Maddalena Pace de Boschis e incisa da Arnold Van Westerhout 600 14$aTomasi, Giuseppe Maria >.$0(OLS)http://semarc/subject/42637 700 1 $aPace de Boschis, Maddalena .$0(OLS)http://semarc/name/40735 700 1 $aWesterhout, Arnold : van .$0(OLS)http://semarc/name/2956 700 1 $aBernabò, Rocco,$c.$0(OLS)http://semarc/name/13030 850 $aSeMil 852 $aSeMil$W1$xVenegono$y1$m3G V 52 FA$j53771$B53771$CSeMilBibl$Z2$F58405 $8I 996 $6245$aVita del ven. cardinale d. Gius. Maria Tomasi de' chierici regolari descritta da Domenico Bernino ..$9(OLS)http://semarc/title/136827 996 $6260$aIn Roma :$bNella Stamperia di Rocco Bernabò$9(OLS)http://semarc/publisher/43679